Exposición presentada á las Cortes por la Federación Nacional de Contratistas de Obras Públicas (Record no. 179914)

MARC details
000 -LEADER
campo de control de longitud fija 00623nam a2200157 i 4500
001 - NÚMERO DE CONTROL
campo de control 179914
003 - IDENTIFICADOR DE NÚMERO DE CONTROL
campo de control ES-MaACL
005 - FECHA Y HORA DE LA ÚLTIMA TRANSACCIÓN
campo de control 20230906220935.0
008 - DATOS DE LONGITUD FIJA--INFORMACIÓN GENERAL
campo de control de longitud fija 120224s1914 sp |||| | spa d
110 2# - ENTRADA PRINCIPAL--NOMBRE DE ENTIDAD CORPORATIVA
Nombre de entidad corporativa o nombre de jurisdicción como elemento de entrada Federación Nacional de Contratistas de Obras Públicas (España)
9 (RLIN) 149444
245 10 - MENCIÓN DEL TÍTULO
Título Exposición presentada á las Cortes por la Federación Nacional de Contratistas de Obras Públicas
Resto del título : Madrid, 13 de noviembre de 1914.
260 ## - PUBLICACIÓN, DISTRIBUCIÓN, ETC.
Lugar de publicación, distribución, etc. Madrid :
Nombre del editor, distribuidor, etc. [s.n.,
Fecha de publicación, distribución, etc. 1914?] (
Fabricante Impr. de los Hijos de T. Minuesa)
300 ## - DESCRIPCIÓN FÍSICA
Extensión 16 p. ;
Dimensiones 24 cm.
650 #4 - PUNTO DE ACCESO ADICIONAL DE MATERIA--TÉRMINO DE MATERIA
Término de materia o nombre geográfico como elemento de entrada Obras públicas-
Subdivisión geográfica España.
9 (RLIN) 149445
852 ## - LOCALIZACIÓN
Ubicación ES-MaACL
Número de control de estantería T-1437-F-8
Holdings
Estatus retirado Estado de pérdida Estado de daño No para préstamo Colección Biblioteca de origen Biblioteca actual Ubicación en estantería Fecha de adquisición Fuente de adquisición Total de préstamos Signatura topográfica completa Código de barras Visto por última vez Precio de reemplazo Tipo de ítem Koha
        Colección de folletos Biblioteca del Ateneo de Madrid Biblioteca del Ateneo de Madrid Depósito folletos 24/02/2012     T-1437-F-8 1189008 23/02/2023 23/02/2023 Folleto